[Event "Skilling Open | Knockout"]
[Site "Online"]
[Date "2020.11.28"]
[Round "3.1"]
[White "Nepomniachtchi, Ian"]
[Black "Carlsen, Magnus"]
[Result "1-0"]
[WhiteElo "2778"]
[BlackElo "2881"]
[EventDate "2020.??.??"]
[Annotator "Bojkov,Dejan"]
[PlyCount "79"]
[Beauty "7701954038865"]
[EventType "team-tourn"]

1.e4 e5 2.Nf3 Nc6 3.Bb5 a6 4.Ba4 Nf6 5.O-O Be7 6.d3 {A modest, solid line. White often plays like this when he wants to avoid the Marshall Gambit.} 6...d6 7.c3 O-O 8.Nbd2 Re8 {A standard regrouping that aims at the center.} 9.Re1 Bf8 10.d4 {White gains control of the center, but this comes with a price.} 10...b5 11.Bc2 exd4 ( {Carlsen deviates from an earlier game of his that saw} 11...Bb7 12.a4 Nb8 13.Bd3 c6 14.b3 Nbd7 15.Qc2 Qc7 16.Bb2 Nh5 17.Bf1 Nf4 18.g3 Ne6 19.b4 Nb6 20.axb5 cxb5 21.d5 Nd4 22.Nxd4 exd4 23.c4 {and later White spectacularly won in Svidler,P (2723)-Carlsen,M (2863) chess24.com 2020} ) 12.cxd4 Bg4 13.Nf1 {Nepomniachtchi is OK with the doubled pawns.} ( {In the earlier days of this line, games followed a different route:} 13.h3 Bh5 14.g4 Bg6 15.a3 h5 16.g5 Nh7 17.Nf1 Qd7 18.Kg2 d5 {Grischuk,A (2754) -Mamedyarov,S (2729) London 2012} ) 13...g6 ( {Black can also double the opponent's pawns at once with} 13...Bxf3 14.gxf3 g6 15.Ng3 Bg7 16.f4 Nb4 17.Bb1 c5 18.dxc5 dxc5 19.e5 Qxd1 20.Rxd1 Rad8 {with equality in Golubev,R (2348)-Inarkiev,E (2675) Moscow 2015} ) 14.Ng3 Bg7 15.Be3 Nd7 {Played after some thought.} ( {The other active option} 15...Na5 16.h3 Bxf3 17.Qxf3 Nc4 {does not seem fully satisfactory due to} 18.Bb3 $1 {when} ( {Not} 18.Bc1 Nd7 ) 18...Nxb2 {is risky due to} 19.e5 $1 dxe5 20.Ne4 exd4 ( {Or} 20...Nxe4 21.Bxf7+ Kh8 22.Bxe8 Qxe8 23.Qxe4 {winning material.} ) 21.Bg5 {and the pin will cost Black.} ) 16.Rc1 $146 {A logical novelty.} ( {An earlier game saw Black repelling the attack after} 16.Qd2 Bxf3 17.gxf3 Qf6 18.e5 dxe5 19.Be4 exd4 20.Bg5 Qd6 21.Rac1 Nde5 22.Bxc6 Nxc6 23.Ne4 Qd7 24.Nf6+ Bxf6 25.Bxf6 Rxe1+ 26.Rxe1 Qf5 27.Bxd4 Qxf3 {and the second player eventually won in Fuchs,F (2274)-Kravtsiv,M (2631) Pardubice 2016} ) 16...Bxf3 17.gxf3 Qf6 {Carlsen needs to generate threats at once because if Nepomniachtchi consolidates, he will have all the long-term advantages.} 18.Bb3 ( {An interesting option is} 18.Ne2 $5 Qxf3 19.Bb1 Na5 20.Rxc7 Nc4 21.Bc1 {with an unclear game.} ) 18...Nxd4 19.Bxd4 Qxd4 20.Rxc7 {The only way to fight for the advantage.} ( {It is very equal after} 20.Qxd4 Bxd4 21.Rxc7 Ra7 ) 20...Ra7 21.Rxa7 Qxa7 22.Qxd6 Bxb2 23.f4 Nc5 24.Bd5 {Nepomniachtchi naturally wants to keep the bishop alive as it is the key attacking piece.} ( {After} 24.e5 Qe7 25.Qd2 Nxb3 26.axb3 Ba3 {the threat of Ba3-b4 does not leave White a chance to transfer his knight to f6, and it is about equal after} 27.Rd1 Qe6 ) 24...Bd4 $1 {Now Carlsen wants more than equality. The threat is to capture on f2.} ( {Otherwise, he would have chosen the endgame with} 24...Qe7 25.Qxe7 Rxe7 26.Rb1 Nd3 ) 25.Re2 {Now the game enters its most intensive phase. Everything starts to hang on a thin thread.} ( {Tactics backfire after} 25.Bxf7+ Qxf7 26.Qxd4 Ne6 {with a clear edge for Black.} ) 25...Nd3 26.Kg2 {Away from the checks.} ( {Objectively best is} 26.Rd2 Bxf2+ ( {But not} 26...Nxf2 $4 27.Rxd4 Qxd4 28.Bxf7+ {winning on the spot.} ) 27.Kg2 Ne1+ 28.Kh3 Bxg3 29.hxg3 Nf3 {with a forced draw after} 30.Rg2 ( {White cannot play for more as after} 30.Rd3 $2 {he will be checkmated:} 30...Qg1 31.Rxf3 Qh1+ 32.Kg4 Qh5# ) 30...Ne1 31.Rd2 ) 26...Kg7 $1 {Likewise, the king sidesteps the possible captures on f7 with tempi.} ( {Carlsen correctly avoids} 26...Nxf2 {as this gives White the time to break open the enemy king} 27.e5 Nd3 ( 27...Qe7 28.Qxe7 Rxe7 29.Rxf2 Bxf2 30.Kxf2 ) 28.e6 $1 {with a winning attack.} ) ( {It is again complex, but even after} 26...Bxf2 27.Bxf7+ Qxf7 28.Qxd3 Bb6 ) 27.Rd2 ( {Here the computer finds the best idea:} 27.Kf3 $3 {when after} 27...Bc5 ( {The machine also claims equality in the line} 27...Nxf2 28.e5 Qe7 29.Rd2 Bc5 30.Qxa6 Qh4 {a perpetual on the g4- and h3-squares is likely.} ) ( {Whereas} 27...Bxf2 28.e5 Bxg3 29.Qf6+ Kh6 30.hxg3 Qg1 {is once again a draw, according to the comp.} ) 28.Qc6 Rd8 29.e5 {it is anyone's game.} ) 27...Bc5 28.Qc6 Nxf4+ 29.Kf3 $1 {A song for the brave! Nepomniachtchi shows no fear. It's the culmination of the battle. Everything hangs, and Carlsen tries to optimize his pieces.} 29...Rd8 ( {However,} 29...Bb4 $3 {might have been stronger with another amazing computer discovery:} 30.Rb2 Qb8 $1 {Suddenly consolidating.} 31.Rxb4 Rc8 32.Qxa6 ( {Or} 32.Qd7 Rc7 33.Nf5+ gxf5 34.Qxf5 Rc3+ 35.Kg4 f6 {and White is in trouble as} 36.Qxf4 {loses to:} 36...h5+ 37.Kf5 Rf3 $3 38.Qxf3 Qe5# ) 32...Rc3+ 33.Kg4 h5+ 34.Nxh5+ Nxh5 {with mating attack.} ) 30.Kxf4 Rd6 31.Qe8 {Now White steps on the edge of the abyss!} ( {Instead,} 31.Qc8 Bxf2 32.Kg4 Qe3 33.Qc2 Bxg3 34.hxg3 Rf6 35.Qb2 Qf3+ 36.Kh3 Qh5+ 37.Kg2 Qf3+ {would be another brilliant drawing line.} ) 31...Bxf2 {And it is the world champion who makes the last mistake.} ( {The wonderful ambush would win instead:} 31...Qc7 $3 {as} 32.Kf3 ( {or} 32.Qe5+ f6 33.Qb2 Rxd5+ 34.Kf3 Rxd2 35.Qxd2 Qd6 {with a won endgame.} ) 32...Rd8 {traps the queen.} ) 32.Kg4 Rf6 ( {After} 32...h5+ 33.Kh3 h4 {White get to the enemy king first with} 34.Bxf7 $1 Rxd2 35.Qg8+ Kf6 36.e5+ Kxe5 37.Qg7+ ) 33.e5 {The extra piece wins.} 33...h5+ 34.Kh3 Rf4 35.e6 {Convincing enough. The black king is discovered and mated.} ( {Even faster is} 35.Bxf7 $1 Rxf7 36.Rd8 ) 35...fxe6 36.Bxe6 Bd4 37.Nxh5+ $1 gxh5 38.Rg2+ Kf6 39.Rg6+ Ke5 40.Bb3+ 1-0

[Event "Skilling Open | Knockout"]
[Site "Online"]
[Date "2020.11.29"]
[Round "1.2"]
[White "So, Wesley"]
[Black "Carlsen, Magnus"]
[Result "1-0"]
[WhiteElo "2741"]
[BlackElo "2881"]
[EventDate "2020.??.??"]
[Annotator "Bojkov,Dejan"]
[PlyCount "185"]
[Beauty "4747058483260"]
[EventType "team-tourn"]

1.e4 e5 2.Nf3 Nc6 3.Bc4 {The Italian enjoys another peak of popularity nowadays.} 3...Bc5 4.O-O Nf6 5.d3 d6 6.c3 h6 7.Re1 O-O ( {The world champion deviates from an earlier game of theirs that went} 7...a6 8.a4 O-O 9.h3 Re8 10.Nbd2 Ba7 11.b4 Be6 12.Bxe6 Rxe6 13.Bb2 ( 13.Qc2 Qd7 14.Nf1 d5 15.Be3 d4 16.cxd4 Nxd4 17.Bxd4 Bxd4 18.Nxd4 Qxd4 19.Qxc7 Qxd3 {which later ended in a draw in Anand,V (2753)-Kramnik,V (2753) chess24.com 2020} ) 13...Ne7 14.d4 Ng6 15.c4 {and White emerged victorious in the end in So,W (2770)-Carlsen,M (2863) chess24.com 2020} ) 8.Nbd2 a5 9.Nf1 Be6 10.Bb5 {All of this is very popular nowadays, and both players actually have a lot of experience in the line.} 10...Ne7 11.d4 Ba7 ( {The other main direction of the line is} 11...exd4 12.cxd4 Bb6 13.Ng3 d5 14.e5 Ne4 {The game resembles the Ruy Lopez. Carlsen recently won an important game against Nakamura with} 15.Bd3 {which is the right diagonal for his bishop.} ( {Instead, in an earlier game, White chose} 15.Be3 Nf5 16.Nxf5 Bxf5 17.Nd2 Nxd2 18.Qxd2 a4 19.b4 axb3 20.axb3 c6 21.Be2 Qe7 {and a draw later evidently did not suffice the world champion, Carlsen,M (2863)-Nakamura,H (2736) chess24.com 2020} ) 15...Nxg3 16.hxg3 a4 $146 {Now the bishop retreats with tempo.} 17.Bc2 a3 ( {In case of:} 17...Qd7 {White can obstruct the opponent's plan with} 18.Nh4 Nf5 19.Qd3 {forcing a weakening on the kingside:} 19...g6 20.Nf3 {with better position for White.} ) 18.bxa3 {Carlsen took the pawn and eventually won in Carlsen,M (2881)-Nakamura,H (2829) Magnus Carlsen Chess Tour Finals 2020} ) 12.Ng3 Ng6 13.h3 {White's center is impressive, and he has the better chances.} 13...c6 14.Bd3 a4 15.Be3 Re8 16.Qc2 b5 17.b4 $146 {A good novelty. So wants to fix the queenside that is Black's territory and then shift to the kingside.} ( {An earlier game saw White gaining some advantage after} 17.c4 bxc4 18.Bxc4 Bxc4 19.Qxc4 d5 20.Qxc6 exd4 21.Bxd4 Bxd4 22.Nxd4 Ne5 23.Qc3 Rc8 24.Qd2 Nc4 25.Qb4 dxe4 26.Ndf5 {Karjakin,S (2773)-Le,Q (2739) St. Louis 2017} ) 17...axb3 {An a serious inaccuracy in return. Carlsen wants to generate counterplay along the a-file and possibly swap the rooks there, but fails short by a critical tempo.} ( {Defending the position after} 17...Qe7 18.Rad1 Rad8 19.Bf1 {does not seem very appealing, but it was the lesser evil for Black.} ) 18.axb3 Qc7 19.Ra6 {White is the one to use the open file.} 19...Qb7 ( {Black cannot offer the rook swap at once with} 19...Bb6 {due to the nasty little detail} 20.Rxb6 $1 Qxb6 21.dxe5 {and White wins material.} ) 20.Rea1 {The simple tripling of the major pieces is a deadly threat for Black. Therefore, he needs to step on the mined square with his bishop:} 20...Bb6 {And it seems this will work as the second white rook on a1 is now en prise in case of the capture on b6.} ( {The in-between capture} 20...exd4 {is worth a try when after} 21.cxd4 Bb6 22.Rxa8 Rxa8 23.Rxa8+ Qxa8 24.e5 ( {However, in this case White can use another strong idea:} 24.d5 $1 Bxe3 25.dxe6 Bb6 26.exf7+ Kxf7 27.Nf5 {with a clear edge for the first player.} ) 24...dxe5 25.dxe5 Bxe3 26.exf6 Qa1+ 27.Nf1 Bf4 {Black should be able to survive.} ) 21.Rxa8 Rxa8 22.Rxa8+ Qxa8 23.dxe5 {So wins a pawn and in the process prevents the opponent's castling. The win is within his reach.} 23...Qa1+ ( {Or} 23...Bxe3 24.exf6 Bg5 25.fxg7 Qa1+ 26.Bf1 Bf6 27.Nd4 {with a huge advantage for White.} ) 24.Bf1 Bxe3 25.exf6 Bb6 ( {Perhaps Black should have switched to the line from above:} 25...Bg5 26.fxg7 Bf6 27.Nd4 {as the dark-squared bishop is at least protecting the king in this line.} ) 26.fxg7 Ne5 27.Qd2 {Going for the king at once.} ( {Here too, the centralization:} 27.Nd4 $1 Bxd4 28.cxd4 Qxd4 29.Nh5 Qc5 30.Qd1 {would have led to a win for White. Next he will prepare the advance of the f-pawn and slowly squeeze his opponent.} ) 27...Nxf3+ 28.gxf3 Kxg7 29.Kg2 $1 {An important move in So's plan. White is unpinning his bishop, and it will be a key piece in the attack.} 29...b4 $1 {The last chance! A second pawn is sacrificed, but the queen gains access to the kingside. Carlsen clearly understands that without some help from the pieces, he will be mated.} ( {For instance:} 29...Qa7 30.Nh5+ Kh7 ( {Or} 30...Kg6 31.f4 Kxh5 32.f5 {and the lonely king cannot survive.} ) 31.Bd3 {with the unstoppable e4-e5+ and mate to follow is losing without any fight.} ) 30.Nh5+ {So is consistent with his attack.} ( {There is an argument about the pawn capture too:} 30.cxb4 Qd4 ( 30...Qe5 31.f4 {and White has both the extra pawn and the attack.} ) 31.Qxd4+ Bxd4 32.Bc4 Bd7 {Especially if one could spot from afar the nice little tactic} 33.b5 $1 cxb5 34.Bxb5 {that undoubles the pawns and wins.} ) 30...Kg6 {Surprisingly, this is not the best.} ( {The slippery computer somehow avoids the mate in the line} 30...Kh7 31.Bd3 Kg6 32.Nf4+ Kg7 33.e5 Qxc3 34.Nh5+ Kf8 35.Qxh6+ Ke7 36.Qf6+ Kd7 ) 31.Nf4+ Kh7 32.Nxe6 {Without this bishop, the end is almost there.} 32...bxc3 ( 32...fxe6 33.Qxd6 {is hopeless obviously.} ) 33.Qf4 fxe6 34.Qf7+ Kh8 35.Qf8+ Kh7 36.e5 {Pffff! Just a move away from the win, So slips!} ( {But with just a couple of minutes on the clock, it was impossible to calculate the following lengthy line:} 36.Bd3 $1 Qd1 ( {White's win is easier after} 36...e5 37.Bc4 d5 38.exd5 Qe1 39.Bd3+ ) 37.Qxd6 c2 38.e5+ Kg7 39.Qe7+ Kg8 {First, White is going to clear the board of the opponent's pawns:} 40.Qxe6+ Kg7 41.Qg6+ Kf8 42.Qxh6+ Kf7 43.Qf6+ {Then White will find a pawn to insert the bishop into the attack:} 43...Kg8 ( {Or So may also promote his central pawn with} 43...Ke8 44.e6 Qxd3 45.Qf7+ Kd8 46.e7+ Kc8 47.e8=Q+ ) 44.Bc4+ Kh7 45.Qf7+ Kh6 46.Qf8+ Kg6 47.Bf7+ {Once that the bishop is in, mate is inevitable:} 47...Kf5 48.Bg8+ Kxe5 49.Qe7+ Kf5 50.Bh7+ Kf4 51.Qf6# {You have probably noticed that this main line is 15 moves long. And there are some sublines...} ) 36...Qd1 {The d3-square is covered, there is no more mate, and Carlsen is suddenly out of the woods!} 37.Qf7+ Kh8 38.Qe8+ Kh7 39.Qd7+ Kh8 40.Qc8+ Kg7 41.Qd7+ Kh8 42.Qe8+ Kg7 43.Qe7+ Kh8 44.Qxe6 {Frustrated, So keeps playing for a win, but now he will be the only one to risk.} 44...Qd4 $1 {The world champion is taking his chance at once.} ( {If he had wanted to force a draw, he would have opted for:} 44...c2 45.Qxh6+ Kg8 46.Qg6+ {when perpetual is inevitable.} ) 45.Qe8+ Kg7 46.Qe7+ Kg8 47.Qe6+ Kg7 48.Qf6+ Kh7 49.Qe7+ Kg8 50.Qe6+ Kg7 51.Qd7+ Kf8 52.Qf5+ Ke8 53.Qc8+ {And the king escapes from the checks.} ( {Instead} 53.Qe6+ Kd8 54.Qg8+ Kc7 55.Qg7+ {would still force perpetual as} 55...Kb8 {is forced.} ( {The attempt to block the checks with the bishop after:} 55...Kc8 $4 {would lose the game:} 56.Ba6+ Kd8 57.Qf8+ Kd7 58.e6+ Kxe6 59.Bc8+ Kd5 60.Qf5+ Qe5 61.Qf7+ Kd4 62.Qc4# ) 56.Qf8+ ) 53...Ke7 54.exd6+ Qxd6 55.Qf5 Qd4 {Centralization. The super-passer on c3 coupled with the threats that Black creates with his own pieces allows Carlsen a chance to squeeze So.} 56.Qc2 Qg7+ 57.Kh1 Qe5 58.Bd3 Bc7 59.Kg2 Qh2+ 60.Kf1 Qxh3+ {A second passer is there.} 61.Ke2 Qe6+ 62.Be4 Be5 63.Qa2 Qd6 64.Qa7+ Kf6 65.Qh7 Qd2+ 66.Kf1 Bd4 {More pressure. Carlsen has won a ton of games with his trademark grinding.} 67.Qg6+ Ke7 68.Qg3 Bf6 $1 ( {There is no time yet for} 68...c2 69.Qc7+ Kf8 70.Qc8+ Kg7 71.Qc7+ {with a draw.} ) 69.Qc7+ Qd7 70.Qf4 $1 ( {Correctly avoiding the pure opposite-colored bishop endgame:} 70.Qxd7+ Kxd7 {when Black has realistic winning chances, thanks to his distant passers.} ) 70...h5 {Although the machines indicate that the position is still equal, it is evident to a human that the only one who can play on is Black. White cannot hope for anything other than a perpetual check.} 71.Qe3 Qd4 72.Qf4 Qd6 73.Qe3 c5 {A bit more progress. It should have been extremely painful for So to suffer like this after the won position he knew he had before.} 74.Bg6+ Kd8 75.Qe8+ Kc7 76.Be4 h4 77.Kg2 Qd7 78.Qh5 ( {The computer suggests that} 78.Qa8 Kb6 79.f4 {is best, with equality.} ) 78...Kb6 79.f4 Qe6 80.Qg6 ( {Here, most accurate is} 80.Qh7 $1 {Not letting the black king in:} 80...Ka5 81.Qa7+ ) 80...Ka5 $1 {Now White's position gets close to critical.} 81.Bf5 Qd6 ( {Missing the strong} 81...Qa6 $1 82.Qe8 Kb4 {Next the king will come to b2 and even though there is no mathematical win yet, the practical chances that the world champion has, coupled with his exceptional technique, would have spelled trouble for So.} ) 82.Qe8 Kb6 83.Be4 Kc7 84.Qa8 Qxf4 85.Qc6+ Kd8 86.Qd5+ Ke8 87.Bg6+ Ke7 88.Qxc5+ {Maybe it was So who felt that the ending will be a good one?} ( {An instant draw is} 88.Qb7+ Kd8 89.Qb6+ Kd7 90.Qb7+ ) 88...Qd6 89.Qe3+ Kf8 $4 {And there it is! The decisive blunder.} ( {Any other reasonable move would have led to a draw:} 89...Kd7 ) ( {Or:} 89...Qe5 ) ( {Or} 89...Be5 ) 90.Qe8+ Kg7 91.Qf7+ Kh6 92.Qh7+ Kg5 93.Qh5+ {Mate is inevitable and chess justice prevailed.} 1-0

[Event "Skilling Open | Prelims"]
[Site "Online"]
[Date "2020.11.22"]
[Round "2.4"]
[White "Firouzja, Alireza"]
[Black "So, Wesley"]
[Result "1-0"]
[WhiteElo "2703"]
[BlackElo "2741"]
[EventDate "2020.??.??"]
[Annotator "Bojkov,Dejan"]
[PlyCount "69"]
[Beauty "8045551426644"]
[EventType "team-tourn"]

1.d4 Nf6 2.Nf3 d5 3.e3 {The Colle system quickly turns into a reversed Queen's Gambit Accepted.} 3...c5 4.dxc5 e6 5.b4 a5 6.c3 axb4 7.cxb4 b6 8.Bb5+ Bd7 9.Bxd7+ Nbxd7 ( {So does not want to repeat either the move or the result that Caruana achieved after:} 9...Qxd7 10.a4 bxc5 11.b5 Bd6 12.Bb2 O-O 13.Nbd2 c4 14.Qc2 Qc7 15.O-O Nbd7 16.Bc3 Nc5 17.a5 Nfe4 18.b6 {In Firouzja,A (2728) -Caruana,F (2828) Stavanger 2020} ) 10.a4 bxc5 11.b5 {The arising position is reminiscent of the Triangle system with the colors reversed. The plans of the sides are obvious: Black is going to use his strong center to build up a kingside attack, whereas White will push his passers as far as he can.} 11...Bd6 12.Bb2 O-O 13.O-O Qc7 14.Nbd2 c4 15.Bc3 e5 $146 {In line with the plan. So needs to remove the white kingside knight as quick as possible.} ( {The predecessor was an email game that quickly ended peacefully after:} 15...Rfb8 16.Qc2 e5 17.h3 Rb7 18.Rfb1 Rab8 19.Rd1 {1/2-1/2 (19) Bredenhof,B (2181) -Petersons,I (2257) ICCF email 2012} ) 16.a5 {Firouzja prefers to push the pawns one rank closer to their promotion rather than defend his h2-pawn.} ( {There is absolutely no time for:} 16.e4 d4 ) ( {But:} 16.h3 {is definitely possible.} ) 16...e4 17.b6 {The point.} ( 17.Nd4 Bxh2+ 18.Kh1 {provides White extra possibilities.} ) 17...Qb8 18.Nd4 Bxh2+ 19.Kh1 Be5 20.Nc6 {Picks up the important defender of the dark squares.} ( {The immediate:} 20.Qe2 {also deserves serious attention, mainly because the black bishop stands in the way of his own queen, thus obstructing the kingside attack.} ) 20...Qd6 21.Nxe5 Nxe5 22.g3 {Firouzja believes in his kingside stability. But this might have been a tad too risky.} ( {Safer is:} 22.Bxe5 $1 Qxe5 23.Re1 {In order to defend the weakened king with:} 23...h5 24.Nf1 ) 22...Nfg4 {Now So's knights are becoming frightening.} 23.Kg2 Qe6 24.Rb1 {White is following a very neat plan that intends to surround the key d5-pawn.} ( {Objectively, the position should be about equal, which can be proved with this computer-assisted line:} 24.Bxe5 Nxe5 25.Nb1 Nc6 26.Nc3 Rxa5 27.Rxa5 Nxa5 28.Qxd5 Qxb6 {Black is temporarily up two pawns, but with the fall of the most important one on c4, the game peters out:} 29.Ra1 Nb3 30.Ra8 g6 31.Rxf8+ Kxf8 32.Qxc4 Nd2 33.Qd5 Qb2 34.Nxe4 {and a draw is inevitable.} ) 24...Rfb8 25.Qe2 Nd3 26.Rb5 {An essential part of Firouzja's plan, but the rook is in fact vulnerable there.} 26...Ra6 {A blunder, which White did not capitalize on. It is not evident how the rook blockade is helping Black. So did not feel that this was the do-or-die moment.} ( {Missing the strong:} 26...f5 $1 {Knights need stability! Then the idea from the game:} 27.Nb1 {would not work due to:} 27...Qh6 28.Rh1 Qc6 $1 {This is where the position of the rook matters. Black wins material, thanks to the double attack.} ) 27.Nb1 $3 {Another key point behind White's play. The knight is heading to c3. Once it gets there, Black's position will collapse.} ( {White could have gone for the pawn at once:} 27.Rxd5 $3 Qxd5 28.Qxg4 {Leads to a decisive advantage for White as the mighty passers survive in the line:} 28...Ne5 ( {Or:} 28...g6 29.Qh4 {with mate on the long diagonal to come.} ) 29.Bxe5 Qxe5 30.Nxc4 Qd5 {Here both:} 31.Rc1 ( {And:} 31.Qf4 {followed by Rf1-c1 would be winning for Firouzja.} ) ) 27...h5 {Now the knight is defended, but the re-opening of the h-file takes too long, and So does not get enough time to attack.} ( {The other push:} 27...f5 {is still there, when White needs to be careful after:} 28.Bd4 Qg6 {Here, the natural:} 29.Nc3 {loses to:} ( {Similar is:} 29.Rxd5 $2 f4 $3 30.exf4 Nxf4+ 31.gxf4 Ne3+ ) ( {But White can repel the attack, thanks to:} 29.f3 $1 ) ( {Or with:} 29.f4 $1 ) 29...f4 $1 30.exf4 Nxf4+ 31.gxf4 Ne3+ {with mate.} ) 28.Bd4 h4 29.Rh1 hxg3 ( {The knights cannot create threats after:} 29...Ngxf2 30.Rxh4 ) 30.fxg3 Nh6 ( {The last chance is to go deep into the defense with:} 30...Rd8 31.Nc3 f5 {Although Black's position is not desirable after:} 32.Rh5 ) 31.Nc3 {The triumph of White's strategy! The pawn on d5 drops, and Black's position collapses.} 31...Qd6 32.Rxd5 Qa3 33.Rxh6 $1 {And a neat tactical finish.} 33...gxh6 34.Qg4+ Kf8 35.Bg7+ {Mate is inevitable.} ( 35.Bg7+ Ke8 ( 35...Kg8 36.Bxh6+ ) 36.Qd7# ) 1-0